Zapp! : the lightning of empowerment : how to improve productivity, quality, and employee satisfaction
Most managers know that revitalization in their companies must occur from the ground up. But how to get that message to employees without applying the kind of pressure that makes them even less productive? The answer is empowerment. In this motivating book, you will find specific strategies designed...
محفوظ في:
| المؤلف الرئيسي: | |
|---|---|
| التنسيق: | كتاب |
| اللغة: | Undetermined |
| منشور في: |
New York
Ballantine Pub. Group
1988
|
| الموضوعات: | |
| الوسوم: |
إضافة وسم
لا توجد وسوم, كن أول من يضع وسما على هذه التسجيلة!
|
| Thư viện lưu trữ: | Trung tâm Học liệu Trường Đại học Cần Thơ |
|---|
| LEADER | 01153nam a2200205Ia 4500 | ||
|---|---|---|---|
| 001 | CTU_95140 | ||
| 008 | 210402s9999 xx 000 0 und d | ||
| 082 | |a 650.1 | ||
| 082 | |b B993 | ||
| 100 | |a Byham, William C. | ||
| 245 | 0 | |a Zapp! : | |
| 245 | 4 | |b the lightning of empowerment : how to improve productivity, quality, and employee satisfaction | |
| 245 | 0 | |c William C. Byham with Jeff Cox. | |
| 260 | |a New York | ||
| 260 | |b Ballantine Pub. Group | ||
| 260 | |c 1988 | ||
| 520 | |a Most managers know that revitalization in their companies must occur from the ground up. But how to get that message to employees without applying the kind of pressure that makes them even less productive? The answer is empowerment. In this motivating book, you will find specific strategies designed to help you encourage responsibility, acknowledgment, and creativity so that employees feel they "own" their jobs. It's all here, in an accessible guide for the successful managers of tomorrow. | ||
| 650 | |a Employee empowerment.,Communication in management.,Interpersonal relations. | ||
| 904 | |i Năm | ||
| 980 | |a Trung tâm Học liệu Trường Đại học Cần Thơ | ||